| 000 | 00457nam a22001457a 4500 | ||
|---|---|---|---|
| 008 | 230405b |||||||| |||| 00| 0 eng d | ||
| 040 |
_aNational Science Library _cNational Science Library |
||
| 080 |
_a061.3/.001.1 _bK0 |
||
| 100 |
_aKindler, Herbert S _96268 |
||
| 245 | _aOrganizing the technical conference | ||
| 260 |
_bNew York: _cReinhold Publishing corporation, _d1960 |
||
| 300 | _a139p. | ||
| 650 | _aTechnical conference | ||
| 942 |
_2udc _cBK |
||
| 999 |
_c18410 _d18410 |
||